| 000 | 00871npm a2200253 i 4500 | ||
|---|---|---|---|
| 001 | 5149 | ||
| 003 | ES-MaACL | ||
| 005 | 20230908142001.0 | ||
| 007 | hzrazu bucu | ||
| 008 | 900418r19901920fr a 00010 fre d | ||
| 080 | _a84(05)(443.6) | ||
| 080 | _a8(05)(443.6) | ||
| 080 | _a7(05)(443.6) | ||
| 080 | _a05(44) | ||
| 245 | 0 | 4 |
_aLes Marges _b: [Microforma] : Revue de Litterature et d'Art... |
| 260 |
_aMadrid : _bAteneo Cientifico, Literario y Artistico, _c1990. |
||
| 300 |
_a2 carretes de microfilme : _bnegativo ; _c16 mm. |
||
| 500 | _aPublicado originalmente: Paris, Imp. Jure et Cie., 1920-1923, periodicidad mensual. | ||
| 505 | 8 | _aCarrete n. 1: 1920 a 1922 (jun.) -- Carrete n. 2: 1922 (jul.) a 1923 | |
| 852 |
_aES-MaACL _jMC-124-125 _95266 _cDEPO1 |
||
| 942 |
_2udc _cMICROFORMA |
||
| 999 |
_c5149 _d5149 |
||